| Registos Bibliográficos associados ao registo de autoridade |
|
Etiqueta de registo: 00254nam 2200025 450 001 2283776 003 http://id.bnportugal.gov.pt/bib/catbnp/2283776 100 ## $a20260407d2025 k y0pory01030103ba 101 0# $apor$deng 102 ## $aPT 105 ## $aa m 000yy 106 ## $ar 200 1# $aUso e gestão do solo na Margem Esquerda do Guadiana$etrajectórias de transformação e serviços de ecossistema num clima em mudança$fHenrique Morgado Cerqueira$gorient. Maria José Roxo, Adolfo Calvo-Cases 210 #9 $aLisboa$c[s.n.],$d2025 215 ## $a[22], 434 p.$cil.$d30 cm 328 #1 $aTese dout. Geografia e Planeamento Territorial (Ambiente e Recursos Naturais), Faculdade
de Ciências Sociais e Humanas, Universidade NOVA de Lisboa, 2025 700 #1 $aCerqueira,$bHenrique Morgado $31994846 702 #1 $aRoxo,$bMaria José,$f1958-$4727$340973 702 #1 $aCalvo-Cases,$bAdolfo$4727$31994851 801 #0 $aPT$bBN$gRPC 966 ## $lBN$mFGMON$x1 971 ## $cssilva$d20260407
|
|
|